000
00312nam a22001097a 4500
008
240704b |||||||| |||| 00| 0 eng d
022
_a
0015-069X
040
_a
National Science Library
_c
National Science Library
245
_a
Field crop abstracts
260
_a
UK:
_b
Commonwealth Agricultural Bureau
942
_c
CR
999
_c
62592
_d
62592